| 000 | 00342nam a22001337a 4500 | ||
|---|---|---|---|
| 003 | BD-DhBUF | ||
| 005 | 20240707121602.0 | ||
| 008 | 240707b bg ||||| |||| 00| 0 ben d | ||
| 040 |
_aBD-DhBUF _cBD-DhBUF |
||
| 245 | _aThe royal wedding /. | ||
| 260 | _bGracious Permission of Her Majesty The Queen, | ||
| 300 |
_a32p. _c29cm. |
||
| 942 |
_2ddc _cBK |
||
| 999 |
_c2105 _d2105 |
||